| 000 | 00449nam a2200181Ia 4500 | ||
|---|---|---|---|
| 001 | 3253 | ||
| 005 | 20260306144907.0 | ||
| 008 | 260306t2012||||xx |||||||||||||| ||spa|| | ||
| 041 | _aESP | ||
| 082 |
_a262.91 _bB135A |
||
| 100 |
_aBenedicto XVI, Papa _eAUT |
||
| 245 | 0 | _aBenedicto XVI habla sobre fe y nueva evangelización | |
| 260 | _c2012 | ||
| 300 |
_a194 páginas : _c21 cm. |
||
| 650 | _aGEN | ||
| 654 | _aCHU | ||
| 942 |
_cLIB _dJUS _fJUS _2ddc _n |
||
| 999 |
_c3253 _d3253 |
||